00623nam a22001937a 4500003000400000005001700004008004100021020001800062040004600080050002200126100002000148245013100168250001300299260003000312300002500342500002000367700002100387700002100408OSt20260512150353.0160506t2024 my ||||| |||| 00| 0 eng d a9781292448985 aMILA LibrarybengcMILA LibrarydMILa_ain00aHF5667b.A69 20241 aArens, Alvin A.10aAuditing and assurance services :ban integrated approach /cAlvin A. Arens, Randal J. Elder, Mark S. Beasley, Chris E. Hogan. a18th ed. 1aBoston :bPearson,c2024. a896 p.;bill:c28 cm aIncludes index.1 aElder, Randal J.1 aBeasley, Mark S.